01033cam a2200301 a 45000010005000000030006000050050017000110080041000280100017000690200015000860200017001010400018001180420009001360500024001450820014001691000020001832450029002032500035002322600033002673000040003005000023003405050007003635200290003705210017006606500019006776500022006966500013007182549FISKH20240314093257.0861027s1986 nyua j 000 1 eng  a 86025467  a0399214240 a072742006992 aDLCcDLCdDLC alcac00aPZ7.J15317bRe 198600a[Fic]2191 aJacques, Brian.10aRedwall /cBrian Jacques aThis edition published in 1998 aNew York :c1986.bAce Books a333 pages :billustrations ;c18 cm aA tale of Redwall. aM  aWhen the peaceful life of ancient Redwall Abbey is shattered by the arrival of the evil rat Cluny and his villainous hordes, Matthias, a young mouse, determines to find the legendary sword of Martin the Warrior which, he is convinced, will help Redwall's inhabitants destroy the enemy.8 a800bLexile  1aMicexFiction. 1aAnimalsxFiction. 1aFantasy.